000 01059 a2200253 4500
999 _c9778
_d9778
022 _I00382396
050 0 0 _aKTL19.A35 SOU 1992
100 _aCorbett, M.M
_eHonorary consulting editor
110 _aSupreme Court of South Africa
245 0 4 _aSouth African law reports (1)March:
_bDecisions of the Supreme Court of Appeal of South Africa, Constitutional court of Namibia, High court of Zimbabwe, Supreme court of Zimbabwe, Supreme court of Venda, Supreme court of Ciskei, Supreme court of Transkei /
_cFisher David S, Brenda Badernhorst. ...et al
264 _aSouth Africa:
_bJuta and Company LTD
_c1992
300 _a366p.:
500 _aIncludes bibliographical references and index
650 0 _aLaw reports, digests, etc
650 7 _aTable of cases
650 7 _aCase annotations
651 7 _aSouth Africa.
700 _aFisher, David S
_eeditor
700 _aBadernhorst, brenda
_eeditor
700 _aBarrow, Owen
_eeditor
700 _aCavvadas, John
_eeditor
700 _aHanmer, Nita
_eeditor
942 _2lcc
_cSERIALS
_h19.A35
_iSOU
_kKTL